01447cam a2200337 a 4500001001400000003000800014005001700022006001900039007001500058008004100073020003800114040003000152049002600182050002200208082001200230100004500242245007600287260005100363300004400414504005100458520029600509521001700805588004700822650002700869655002900896710001600925776003500941856009800976942001601074999001901090EDZ0000085248StDuBDS20161031105156.0m||||||||d||||||||cr |||||||||||120521s2008 caua fo| 001|0|eng d a9781452224862 (ebook) :cNo price aStDuBDSbengcStDuBDSepn aAlfaisal Main Library 0aBF121b.F384 200804a1502231 aFernald, L. Dodgeq(Lloyd Dodge),d1929-10aPsychologyh[electronic resource] :bsix perspectives /cDodge Fernald. aLos Angeles, Calif. ;aLondon :bSAGE,cc2008. a1 online resource (xvi, 391 p.) :bill. aIncludes bibliographical references and index.8 aAddressing six perspectives, this textbook offers the framework for a conceptual understanding of modern psychology. It examines the similarities and differences among basic concepts, theories research, and practice, thereby portraying the fundamental dimensions in this multi-faceted field. aSpecialized. aDescription based on print version record. 0aPsychologyvTextbooks. 7aElectronic books.2local2 aSage eBooks08iPrint version :z978141293867940uhttp://ezproxy.alfaisal.edu/login?url=http://sk.sagepub.com/books/psychology-six-perspectives 2lcccEBOOKS c480982d480982